| 000 | 01163nam0a22002411 4500 | ||
|---|---|---|---|
| 001 | rc\1096149 | ||
| 005 | 20041126173937.4 | ||
| 035 | _a(NLR Aleph) 006342337 | ||
| 090 |
_a4713930 _c4713930 |
||
| 100 | _a20041126d1984 u y0rusy50 ca | ||
| 101 | 0 | _arus | |
| 102 | _aRU | ||
| 105 | _ay ||||||||| | ||
| 200 | 1 |
_aРоль театра для детей и юношества в воспитании подрастающего поколения в духе мира, гуманизма и прогресса _eДокл. Сов. центра АССИТЕЖ на VIII Генер. Ассамблее АССИТЕЖ в Москве, 20-26 сен. 1984 г. |
|
| 210 |
_aБ. м. _cБ. и. _d1984 |
||
| 215 |
_a14 с. _d21 |
||
| 700 | 1 |
_7ca _8rus _aСац _bН. И. _f1903-1993 _gНаталия Ильинична _9134375 _3RU\NLR\AUTH\770134409 |
|
| 712 | 0 | 2 |
_aМеждународная ассоциация театров для детей и юношества _bГенеральная ассамблея _d8 _eМосква _f1984 _9346298 _3RU\NLR\AUTH\889925257 |
| 801 | 0 |
_aRU _bNLR _gpsbo |
|
| 801 | 1 |
_aRU _bELAR _2rusmarc |
|
| 852 |
_aNLR _j84-6/6701 |
||
| 942 | _cBOOK | ||
| 980 | _aNB | ||